[Event "Bochum-ch"]
[Site "Bochum"]
[Date "2000.12.04"]
[Round "8"]
[White "Fieberg, Norbert"]
[Black "Deifuss, Georg"]
[Result "1-0"]
[WhiteElo "1729"]
[BlackElo "1665"]
[PlyCount "141"]
[EventDate "2000.10.09"]
[EventType "swiss"]
[EventRounds "9"]
[EventCountry "GER"]
[SourceTitle "EXT 2006"]
[Source "ChessBase"]
[SourceDate "2005.11.24"]
[SourceVersion "1"]
[SourceVersionDate "2005.11.24"]
[SourceQuality "1"]

1. e4 g6 2. d4 Bg7 3. f4 d5 4. e5 h5 5. Nf3 Bg4 6. h3 Bxf3 7. Qxf3 h4 8. Bd3 e6 9. Be3 Ne7 10. Nd2 Nd7 11. c4 c5 12. dxc5 Qa5 13. a3 Nxc5 14. Bxc5 Qxc5 15. b4 Qd4 16. Ke2 Bh6 17. Rhf1 dxc4 18. Nxc4 Nd5 19. Qg4 Nc3+ 20. Kd2 Ne4+ 21. Ke2 Ng3+ 22. Kd2 Nxf1+ 23. Rxf1 Bf8 24. Qf3 Rd8 25. Kc2 Qd5 26. Qe2 b5 27. Nb2 a6 28. Kb1 Qb3 29. Bxb5+ Ke7 30. Rf3 Qd5 31. Bxa6 Bh6 32. Qf2 Ra8 33. Rd3 Qc6 34. Rd6 Qc7 35. Qxh4+ g5 36. fxg5 Bg7 37. Qc4 Qxc4 38. Nxc4 Rh5 39. Bb7 Rb8 40. Bc6 Rxg5 41. Rd7+ Kf8 42. b5 Bxe5 43. a4 Bc3 44. Kc2 Bb4 45. g4 Kg7 46. a5 Rgxb5 47. Bxb5 Rxb5 48. a6 Bc5 49. a7 Bxa7 50. Rxa7 Kg6 51. Rxf7 Rc5 52. Rf4 Kg5 53. Re4 Kh4 54. Kd3 Kxh3 55. Ne5 Kh4 56. Ke3 Kg5 57. Nf3+ Kf6 58. Kf4 Rc1 59. g5+ Kf7 60. Nd4 Rf1+ 61. Ke5 Kg6 62. Nxe6 Rf5+ 63. Kd6 Rf7 64. Re5 Rf1 65. Rc5 Rf2 66. Rc7 Rd2+ 67. Ke7 Re2 68. Rc8 Kh7 69. Rf8 Rg2 70. Rf7+ Kg6 71. Nf4+ 1-0